[Event "KAZ-ch"]
[Site "Kostanay"]
[Date "2013.05.05"]
[Round "11"]
[White "Lozhnikov, Vyacheslav"]
[Black "Sodikov, Ilyas"]
[Result "1/2-1/2"]
[WhiteElo "2117"]
[BlackElo "2246"]
[PlyCount "111"]
[EventDate "2013.04.25"]
[EventType "tourn"]
[EventRounds "11"]
[EventCountry "KAZ"]
[EventCategory "3"]
[SourceTitle "CBM 154 Extra"]
[Source "ChessBase"]
[SourceDate "2013.06.25"]
[SourceVersion "2"]
[SourceVersionDate "2013.06.25"]
[SourceQuality "1"]

1. d4 d5 2. c4 dxc4 3. e4 Nc6 4. Nf3 Bg4 5. d5 Ne5 6. Bf4 Ng6 7. Be3 e5 8. Bxc4 a6 9. Be2 Nf6 10. Nc3 Bd6 11. Nd2 Bd7 12. h4 0-0 13. g3 h6 14. a3 b5 15. Nb3 c6 16. Nc5 cxd5 17. exd5 Rc8 18. b4 Ne7 19. g4 Nfxd5 20. Nxd5 Nxd5 21. Nb7 Qc7 22. Nxd6 Qxd6 23. Bf3 Be6 24. Bxd5 Qxd5 25. Qxd5 Bxd5 26. Rh3 Rc3 27. Rg3 Bc4 28. Bc5 Rxg3 29. fxg3 Rd8 30. Rd1 Rxd1+ 31. Kxd1 f6 32. g5 hxg5 33. hxg5 Kf7 34. gxf6 gxf6 35. Kd2 f5 36. Ke3 Ke6 37. Bf8 Kd5 38. Bg7 Bf1 39. Bf6 Bh3 40. Kd3 Bg4 41. Bg5 Bh5 42. Bh6 Bg4 43. Bg5 Bh3 44. Bf6 Bf1+ 45. Kc3 Ke4 46. Bg7 Bg2 47. Bf6 Kd5 48. Bg5 Ke6 49. Kd3 Kd5 50. Kc3 Ke4 51. Bf6 f4 52. gxf4 exf4 53. Kd2 f3 54. Ke1 Kd3 55. Kf2 Kc2 56. Bd8 1/2-1/2

[Event "KAZ-ch"]
[Site "Kostanay"]
[Date "2013.05.03"]
[Round "9"]
[White "Jumabayev, Rinat"]
[Black "Sodikov, Ilyas"]
[Result "1-0"]
[WhiteElo "2522"]
[BlackElo "2246"]
[PlyCount "45"]
[EventDate "2013.04.25"]
[EventType "tourn"]
[EventRounds "11"]
[EventCountry "KAZ"]
[EventCategory "3"]
[SourceTitle "CBM 154 Extra"]
[Source "ChessBase"]
[SourceDate "2013.06.25"]
[SourceVersion "2"]
[SourceVersionDate "2013.06.25"]
[SourceQuality "1"]

1. c4 e6 2. g3 d5 3. Bg2 Nf6 4. Nf3 d4 5. 0-0 Be7 6. e3 c5 7. exd4 cxd4 8. d3 Nc6 9. Na3 0-0 10. Re1 Ne8 11. Nc2 f6 12. Bd2 a5 13. a3 e5 14. b4 Nc7 15. Rb1 Bf5 16. b5 Nb8 17. Nh4 Bc8 18. f4 b6 19. Qh5 g6 20. Nxg6 hxg6 21. Qxg6+ Kh8 22. fxe5 f5 23. Qxb6 1-0

[Event "KAZ-ch"]
[Site "Kostanay"]
[Date "2013.04.28"]
[Round "4"]
[White "Sodikov, Ilyas"]
[Black "Kuderinov, Kirill"]
[Result "0-1"]
[WhiteElo "2246"]
[BlackElo "2451"]
[PlyCount "62"]
[EventDate "2013.04.25"]
[EventType "tourn"]
[EventRounds "11"]
[EventCountry "KAZ"]
[EventCategory "3"]
[SourceTitle "CBM 154 Extra"]
[Source "ChessBase"]
[SourceDate "2013.06.25"]
[SourceVersion "2"]
[SourceVersionDate "2013.06.25"]
[SourceQuality "1"]

1. e4 e5 2. Nf3 Nc6 3. Bb5 a6 4. Ba4 Nf6 5. d3 d6 6. c3 Be7 7. h3 0-0 8. Qe2 b5 9. Bc2 Re8 10. Nbd2 Bf8 11. g4 d5 12. Nf1 dxe4 13. dxe4 Be6 14. Ne3 Nd7 15. 0-0 Ne7 16. Ng5 Ng6 17. Nd5 h6 18. Nf3 c6 19. Rd1 cxd5 20. exd5 Bxg4 21. hxg4 e4 22. Nd4 Bd6 23. Nf5 Bf4 24. Bxe4 Qg5 25. Nd6 f5 26. Nxf5 Rxe4 27. Qxe4 Qxg4+ 28. Ng3 Qxd1+ 29. Kg2 Bxc1 30. Qxg6 Qxd5+ 31. Kg1 Ne5 0-1

[Event "KAZ-ch"]
[Site "Kostanay"]
[Date "2013.04.26"]
[Round "2"]
[White "Sodikov, Ilyas"]
[Black "Akkozov, Berik"]
[Result "1-0"]
[WhiteElo "2246"]
[BlackElo "2372"]
[PlyCount "91"]
[EventDate "2013.04.25"]
[EventType "tourn"]
[EventRounds "11"]
[EventCountry "KAZ"]
[EventCategory "3"]
[SourceTitle "CBM 154 Extra"]
[Source "ChessBase"]
[SourceDate "2013.06.25"]
[SourceVersion "2"]
[SourceVersionDate "2013.06.25"]
[SourceQuality "1"]

1. Nf3 Nf6 2. g3 d5 3. c4 d4 4. b4 c5 5. Bg2 Nc6 6. b5 Nb8 7. e3 dxe3 8. fxe3 Bg4 9. Qb3 Qc8 10. 0-0 Bh3 11. Bb2 Bxg2 12. Kxg2 h5 13. Nc3 h4 14. Nxh4 Qg4 15. h3 Qh5 16. Qd1 Qh7 17. Qb1 e6 18. Qxh7 Rxh7 19. Nf3 Nbd7 20. Ng5 Rh6 21. Nce4 Nxe4 22. Nxe4 f5 23. Nf2 Rg6 24. Nd3 Rd8 25. Nf4 Rh6 26. d4 g5 27. Nd3 Bg7 28. Rad1 cxd4 29. exd4 Nb6 30. d5 Bxb2 31. Nxb2 exd5 32. c5 Nc8 33. Rde1+ Ne7 34. Rxf5 Kd7 35. Rxg5 Re6 36. Rge5 Rxe5 37. Rxe5 b6 38. c6+ Kd6 39. Nd3 a6 40. a4 axb5 41. axb5 Ra8 42. Rh5 d4 43. Kf3 Ra4 44. Ke4 Ng8 45. Rd5+ Ke6 46. Nf4+ 1-0

[Event "Wch U20 51st"]
[Site "Athens"]
[Date "2012.08.14"]
[Round "12"]
[White "De Filomeno, Simone"]
[Black "Sodikov, Ilyas"]
[Result "0-1"]
[WhiteElo "2358"]
[BlackElo "2234"]
[PlyCount "32"]
[EventDate "2012.08.02"]
[EventType "swiss"]
[EventRounds "13"]
[EventCountry "GRE"]
[SourceTitle "CBM 149 Extra"]
[Source "ChessBase"]
[SourceDate "2012.08.24"]
[SourceVersion "1"]
[SourceVersionDate "2012.08.24"]
[SourceQuality "1"]

1. e4 c5 2. Nf3 Nf6 3. e5 Nd5 4. Nc3 e6 5. Nxd5 exd5 6. d4 Nc6 7. dxc5 Bxc5 8. Be2 d6 9. exd6 Qxd6 10. 0-0 0-0 11. Ne1 Re8 12. Nd3 Nd4 13. Bg4 Bxg4 14. Qxg4 Re4 15. Qd1 Ne2+ 16. Kh1 Qxh2+ 0-1

[Event "Wch U20 51st"]
[Site "Athens"]
[Date "2012.08.06"]
[Round "5"]
[White "Sodikov, Ilyas"]
[Black "Zwakala, Ntando"]
[Result "0-1"]
[WhiteElo "2234"]
[BlackElo "2054"]
[PlyCount "82"]
[EventDate "2012.08.02"]
[EventType "swiss"]
[EventRounds "13"]
[EventCountry "GRE"]
[SourceTitle "CBM 149 Extra"]
[Source "ChessBase"]
[SourceDate "2012.08.24"]
[SourceVersion "1"]
[SourceVersionDate "2012.08.24"]
[SourceQuality "1"]

1. e4 c5 2. Nf3 d6 3. d4 cxd4 4. Nxd4 Nf6 5. Nc3 a6 6. Be3 e6 7. f3 Qc7 8. Qd2 b5 9. 0-0-0 Bb7 10. g4 Be7 11. g5 Nfd7 12. Bh3 Nc5 13. Kb1 0-0 14. Bg2 Nbd7 15. Nce2 Nb6 16. b3 Rac8 17. Ng3 g6 18. f4 e5 19. Nde2 d5 20. exd5 Rfd8 21. fxe5 Nxd5 22. Bd4 Ne6 23. Ne4 Nxd4 24. Nxd4 Qxe5 25. Rhe1 Qc7 26. Bh3 Bb4 27. Nf6+ Nxf6 28. Qxb4 Nd5 29. Qd2 Nc3+ 30. Ka1 Qa5 31. a4 Qb4 32. Kb2 Nxa4+ 33. Ka2 Nc3+ 34. Kb2 Nxd1+ 35. Rxd1 Qxd2 36. Rxd2 Rc5 37. c3 Rxg5 38. Re2 b4 39. Re7 bxc3+ 40. Kxc3 Bg2 41. Bd7 Kf8 0-1

[Event "Wch U20 51st"]
[Site "Athens"]
[Date "2012.08.02"]
[Round "1"]
[White "Sodikov, Ilyas"]
[Black "Rombaldoni, Axel"]
[Result "1/2-1/2"]
[WhiteElo "2234"]
[BlackElo "2494"]
[PlyCount "157"]
[EventDate "2012.08.02"]
[EventType "swiss"]
[EventRounds "13"]
[EventCountry "GRE"]
[SourceTitle "CBM 149 Extra"]
[Source "ChessBase"]
[SourceDate "2012.08.24"]
[SourceVersion "1"]
[SourceVersionDate "2012.08.24"]
[SourceQuality "1"]

1. e4 e6 2. d4 d5 3. e5 c5 4. c3 Qb6 5. Nf3 Nc6 6. a3 Nh6 7. b4 cxd4 8. cxd4 Nf5 9. Bb2 Bd7 10. g4 Nfe7 11. Nc3 h5 12. Na4 Qd8 13. g5 Ng6 14. Rc1 b6 15. Nc3 Be7 16. Rg1 a6 17. Qd2 b5 18. Bd3 Qb6 19. Bxg6 fxg6 20. Nh4 Rf8 21. Na2 a5 22. Nxg6 axb4 23. Nxf8 Bxf8 24. Nxb4 Na5 25. g6 Nc4 26. Qf4 Bxb4+ 27. axb4 Nxb2 28. Rg3 Nc4 29. Rf3 0-0-0 30. Rd1 Be8 31. Qg5 Qc7 32. Ra1 Kb7 33. Rf8 Rc8 34. Rc1 Kb8 35. Ra1 Nb6 36. Rf3 Na4 37. Rg3 Qc2 38. Qe7 Qe4+ 39. Kf1 Qxd4 40. Re1 h4 41. Rg5 Nc3 42. Qd6+ Kb7 43. Qe7+ Rc7 44. Qxe8 Qd3+ 45. Kg1 Qd2 46. Ra1 Qxg5+ 47. Kh1 Na4 48. Qxb5+ Nb6 49. Qa6+ Kc6 50. b5+ Kd7 51. Qxb6 Qxe5 52. Ra7 Qe4+ 53. Kg1 Qxg6+ 54. Kf1 Qd3+ 55. Kg1 Qd1+ 56. Kg2 Qg4+ 57. Kf1 Qc4+ 58. Kg2 g5 59. h3 Qe4+ 60. Kg1 Qb1+ 61. Kg2 Qc2 62. Qd4 Rxa7 63. Qxa7+ Kd6 64. Qb8+ Qc7 65. Qf8+ Qe7 66. Qc8 Qc7 67. Qg8 Kc5 68. Qxe6 Qb7 69. Qe5 Qxb5 70. Qxg5 Qc4 71. Qe7+ Kb5 72. Kf3 Qc3+ 73. Qe3 d4 74. Qxc3 dxc3 75. Ke2 Kc4 76. Kd1 Kd3 77. Kc1 Ke4 78. Kc2 Kf3 79. Kxc3 1/2-1/2

[Event "Asia-ch U18"]
[Site "Hikkaduwa"]
[Date "2012.06.27"]
[Round "4.2"]
[White "Yu, Chaojie"]
[Black "Sodikov, Ilyas"]
[Result "1/2-1/2"]
[WhiteElo "2202"]
[BlackElo "2218"]
[PlyCount "82"]
[EventDate "2012.06.26"]
[EventType "swiss"]
[EventRounds "9"]
[EventCountry "SRI"]
[SourceTitle "EXT 2024"]
[Source "ChessBase"]
[SourceDate "2023.10.10"]
[SourceVersion "1"]
[SourceVersionDate "2023.10.10"]
[SourceQuality "1"]

1. e4 c5 2. Nf3 Nf6 3. e5 Nd5 4. Nc3 e6 5. Nxd5 exd5 6. d4 Nc6 7. dxc5 Bxc5 8. Bd3 d6 9. exd6 Qxd6 10. 0-0 0-0 11. Re1 h6 12. c3 Bg4 13. Be3 Rfe8 14. Bxc5 Qxc5 15. Be2 Rad8 16. Nd4 Bxe2 17. Nxe2 d4 18. Nxd4 Rxe1+ 19. Qxe1 Nxd4 20. cxd4 Qxd4 21. Rb1 Qd2 22. g3 Qxe1+ 23. Rxe1 Rd2 24. Re8+ Kh7 25. Re7 Rxb2 26. Rxf7 a5 27. a4 Rb4 28. Kg2 b6 29. Rb7 Kg6 30. f4 Kf6 31. Kf3 g5 32. h4 gxh4 33. gxh4 Kf5 34. Rf7+ Kg6 35. Rd7 Rxa4 36. Rd6+ Kf5 37. Rxb6 Ra3+ 38. Ke2 h5 39. Rb5+ Kg4 40. f5 Rf3 41. Rxa5 Rxf5 1/2-1/2